Conversations at random: survey research as interviewers see it (Record no. 371)

MARC details
000 -LEADER
fixed length control field 00476nam a2200181Ia 4500
020 ## - INTERNATIONAL STANDARD BOOK NUMBER
ISBN 0-471-16870-x
082 ## - DEWEY DECIMAL CLASSIFICATION NUMBER
Classification number 300.723 CON-;
100 ## - MAIN ENTRY--AUTHOR NAME
Personal name Converse, Jean M
245 #0 - TITLE STATEMENT
Title Conversations at random: survey research as interviewers see it
260 ## - PUBLICATION, DISTRIBUTION, ETC. (IMPRINT)
Place of publication New York
Name of publisher John Wiley
Year of publication 1974
300 ## - PHYSICAL DESCRIPTION
Number of Pages x, 111p.
504 ## - BIBLIOGRAPHY, ETC. NOTE
Bibliography, etc Includes index
650 ## - SUBJECT ADDED ENTRY--TOPICAL TERM
Topical Term Social surveys
650 ## - SUBJECT ADDED ENTRY--TOPICAL TERM
Topical Term Interviewing
650 ## - SUBJECT ADDED ENTRY--TOPICAL TERM
Topical Term Social sciences - Research
700 ## - ADDED ENTRY--PERSONAL NAME
Personal name Schuman Howard
942 ## - ADDED ENTRY ELEMENTS (KOHA)
Koha item type Books
Holdings
Withdrawn status Lost status Damaged status Not for loan Home library Current library Date acquired Full call number Accession Number Price effective from Koha item type
        NASSDOC Library NASSDOC Library 08/06/2004 300.723 CON-; 10924 18/04/2019 Books